新疆维吾尔自治区辖县级行政区地图 County-level administrative divisions of Xinjiang - Statistics

General Stats
  • This quiz has been taken 970 times
  • The average score is 61 of 108
Answers on the Map
Answers color-coded by a green-red scale on the quiz's map according to % correct below.
 
Answer Stats
县级类 地名 % Correct
和田县
88%
县级市 和田市
88%
县级市 石河子市
86%
县级市 铁门关市
86%
县级市 阿勒泰市
84%
县级市 喀什市
84%
若羌县
82%
县级市 昌吉市
82%
县级市 阿克苏市
81%
伊宁县
81%
县级市 伊宁市
81%
县级市 北屯市
80%
县级市 五家渠市
80%
县级市 塔城市
80%
县级市 昆玉市
79%
乌鲁木齐县
78%
县级市 库尔勒市
77%
县级市 阿拉尔市
77%
县级市 图木舒克市
77%
县级市 胡杨河市
77%
县级市 可克达拉市
76%
市辖区 克拉玛依区
76%
市辖区 天山区
75%
县级市 霍尔果斯市
75%
县级市 新星市
74%
县级市 库车市
72%
且末县
70%
县级市 博乐市
69%
县级市 双河市
69%
鄯善县
69%
县级市 奎屯市
68%
县级市 白杨市
66%
莎车县
65%
市辖区 高昌区
64%
市辖区 伊州区
63%
县级市 阿图什市
63%
市辖区 达坂城区
63%
市辖区 米东区
63%
县级市 阿拉山口市
62%
于田县
62%
自治县 塔什库尔干塔吉克自治县
62%
市辖区 独山子区
62%
市辖区 沙依巴克区
62%
自治县 巴里坤哈萨克自治县
61%
轮台县
57%
伊吾县
57%
自治县 焉耆回族自治县
56%
市辖区 新市区
56%
富蕴县
55%
县级市 阜康市
55%
托克逊县
55%
精河县
54%
墨玉县
53%
疏勒县
53%
市辖区 水磨沟区
53%
市辖区 头屯河区
53%
叶城县
52%
特克斯县
52%
民丰县
51%
阿克陶县
51%
乌恰县
51%
县级市 乌苏市
51%
霍城县
51%
温泉县
50%
呼图壁县
50%
玛纳斯县
50%
皮山县
50%
和静县
49%
市辖区 白碱滩区
49%
县级市 沙湾市
49%
奇台县
47%
疏附县
47%
布尔津县
46%
哈巴河县
46%
和硕县
46%
英吉沙县
46%
市辖区 乌尔禾区
46%
福海县
45%
博湖县
45%
尉犁县
45%
自治县 木垒哈萨克自治县
45%
吉木萨尔县
42%
策勒县
42%
阿合奇县
42%
尼勒克县
41%
昭苏县
41%
温宿县
40%
吉木乃县
40%
青河县
40%
洛浦县
39%
新源县
39%
自治县 察布查尔锡伯自治县
39%
巩留县
38%
伽师县
37%
额敏县
37%
拜城县
36%
巴楚县
36%
乌什县
35%
岳普湖县
35%
泽普县
35%
自治县 和布克赛尔蒙古自治县
35%
阿瓦提县
34%
裕民县
34%
柯坪县
33%
沙雅县
33%
托里县
32%
麦盖提县
30%
新和县
27%
No matching quizzes found
Score Distribution
Percent of People with Each Score
Percentile by Number Answered
Your Score History
You have not taken this quiz